|
|
|
|
| LEADER |
00000nas a2200000 4500 |
| 001 |
ssj0002565 |
| 003 |
WaSeSS |
| 005 |
20200512172242.0 |
| 006 |
m d |
| 007 |
cr n |
| 008 |
750225c19699999nyumn p s 0 a0eng |
| 010 |
|
|
|a 74648866
|
| 015 |
|
|
|a 012280178
|2 dnb
|
| 016 |
7 |
|
|a 012280178
|2 DE-101
|
| 016 |
7 |
|
|a 412444-3
|2 DE-600
|
| 016 |
7 |
|
|a 0261537
|2 DNLM
|
| 016 |
7 |
|
|a M15760000
|2 DNLM
|
| 016 |
7 |
|
|a 011755864
|2 Uk
|
| 022 |
|
|
|l 0025-7354
|y 0025-7354
|
| 030 |
|
|
|a MMKMBX
|
| 032 |
|
|
|a 337580
|b USPS
|
| 035 |
|
|
|a (WaSeSS)ssj0002565
|
| 037 |
|
|
|b CPS Communications, 7200 W. Camino Rd., Suite 215, Boca Raton, FL 33433
|
| 040 |
|
|
|a DLC
|b eng
|c DLC
|d NSD
|d DLC
|d NSD
|d OCL
|d NSD
|d RCS
|d AIP
|d NST
|d NSD
|d OCL
|d NSD
|d OCL
|d NSD
|d NST
|d NLM
|d OCL
|d DLC
|d OCLCQ
|d GBVCP
|d UKMGB
|d OCLCQ
|d OCLCO
|d OCLCQ
|d OCLCF
|d OCLCO
|d EUW
|d OCLCO
|d OCLCQ
|d OCLCO
|d RDF
|d OCLCO
|d OCLCQ
|d DLC
|d OCLCO
|d OCLCA
|d WaSeSS
|
| 042 |
|
|
|a pcc
|a nsdp
|
| 050 |
0 |
0 |
|a HD9665.1
|b .P45
|
| 060 |
0 |
0 |
|a W1
|b ME383
|
| 082 |
0 |
4 |
|a 380.1/45/615105
|
| 210 |
0 |
|
|a Med. mark. media
|
| 222 |
|
0 |
|a Medical marketing & media
|
| 245 |
0 |
0 |
|a Medical marketing & media
|h [electronic resource].
|
| 246 |
3 |
|
|a Medical marketing and media
|
| 246 |
1 |
7 |
|a MM & M
|f <Aug. 1983->
|
| 260 |
|
|
|a [Boca Raton, FL, etc.],
|b [CPS Communications, etc.]
|
| 260 |
3 |
|
|3 <2017->:
|a New York, NY :
|b Haymarket Media
|
| 310 |
|
|
|a Monthly (except semimonthly in Mar., Aug., Sept., Oct.),
|b <May 1989->
|
| 321 |
|
|
|a Monthly,
|b 1969-
|
| 362 |
0 |
|
|a v. 4, no. 3- Mar. 1969-
|
| 500 |
|
|
|a "The monthly intercom of the medical marketplace."
|
| 506 |
|
|
|a License restrictions may limit access.
|
| 588 |
|
|
|a Latest issue consulted: January 2017 (surrogate).
|
| 650 |
|
0 |
|a Pharmaceutical industry
|v Periodicals.
|
| 650 |
|
0 |
|a Drugs
|x Marketing
|v Periodicals.
|
| 650 |
|
7 |
|a Drugs
|x Marketing.
|2 fast
|0 (OCoLC)fst00898840
|
| 650 |
|
7 |
|a Pharmaceutical industry.
|2 fast
|0 (OCoLC)fst01060129
|
| 650 |
|
2 |
|a Drug Industry.
|
| 650 |
|
2 |
|a Economics, Medical.
|
| 655 |
|
0 |
|a Electronic journals.
|
| 770 |
0 |
|
|t MM & M healthcare advertising goldbook
|w (DLC)sn 94045143
|w (OCoLC)20955560
|
| 780 |
0 |
0 |
|t Pharmaceutical marketing & media
|w (DLC) 70207436
|w (OCoLC)5046269
|
| 850 |
|
|
|a AU
|a DGW
|a DLC
|a DeU
|a NN
|a NjR
|a OU
|
| 856 |
4 |
0 |
|z Full text available from Research Library: 01/01/1988 to present
|u https://search.proquest.com/publication/35293
|